| 000 | 00476nam a22001577a 4500 | ||
|---|---|---|---|
| 020 | _a9789692383707 | ||
| 040 | _c0 | ||
| 082 | _a891.4391,IJA | ||
| 100 |
_aIjaz, Muhammad Asghar _9119702 |
||
| 245 |
_aAsrar-e-Khudi : _bA Persian Book Translated into Urdu / _cProf. Muhammad Asghar Ijaz, |
||
| 260 |
_aRawalpindi _bAskaria Education System |
||
| 300 | _a128 p | ||
| 650 |
_aAsrar-e-Khudi _9119703 |
||
| 651 |
_aPersian Book Translated into Urdu _9119704 |
||
| 942 |
_2ddc _cBK |
||
| 999 |
_c607336 _d607336 |
||